000 01476nam0a2200325 4500
001 RU\NLR\bibl\79940
005 20250616103606.0
010 _a5-7493-0221-0
_9200
021 _aRU
_b1999-47859
_92363
035 _a(NLR Aleph) 000078040
090 _a433384
_c433384
100 _a20000411d1999 |||y0rusy50 ca
101 0 _arus
102 _aRU
105 _aa |||||||||
200 1 _aВзаимосвязь фундаментальности и профессиональной направленности в подготовке по физике инженерных кадров
_fМасленникова Л.В.
_gГос. ком. Рос. Федерации по высш. образованию, Моск. пед. гос. ун-т им. В.И. Ленина
210 _aМ.
_cМПГУ
_d1999
215 _a145,[2] с.
_cил.
_d20
320 _aБиблиогр. в конце кн. (207 назв.)
606 0 _aФизика
_xПреподавание
_xВысшая школа
_92300563
_3RU\NLR\auth\661377378
606 0 _aФизика
_xМетодика преподавания
_xВысшая школа
_91040930
_3RU\NLR\auth\6682903
606 0 _aИнженеры
_xПодготовка
_91088332
_3RU\NLR\auth\66107538
686 _aЧ486.51-2
700 1 _aМасленникова
_bЛ. В.
_4070
801 0 _aRU
_bNLR
_c20000411
_gPSBO
801 1 _aRU
_bNLR
_c20000411
852 _aNLR
_j2000-3/947
942 _cBOOK
980 _aNB